Smart technológie a digitálny marketing ako prezentačný nástroj pre cestovný ruch a marketing produktu cestovného ruchu diplomová práca

Salvato in:
Dettagli Bibliografici
Autore principale: Havierová, Veronika
Ente Autore: Obchodná fakulta EU. Katedra služieb a cestovného ruchu - zrušené
Altri autori: Palko, František, 1972-
Natura: Libro
Lingua:slovacco
Pubblicazione: Bratislava 2021
Tags: Aggiungi Tag
Nessun Tag, puoi essere il primo ad aggiungerne!!

MARC

LEADER 00000nbm a2200000 4500
001 0274521
005 20220203143631.6
041 0 |a slo 
044 |a SK 
245 1 0 |a Smart technológie a digitálny marketing ako prezentačný nástroj pre cestovný ruch a marketing produktu cestovného ruchu  |b diplomová práca  |c Veronika Havierová ; školiteľ: František Palko 
264 1 |a Bratislava  |c 2021 
300 |a 75 s. 
100 1 |a Havierová, Veronika 
700 1 |a Palko, František, 1972- 
710 2 |a Obchodná fakulta EU. Katedra služieb a cestovného ruchu - zrušené